000 00490nam a2200169Ia 4500
008 090711s9999 xx 000 0 und d
082 _b52529
100 _aनायक वामन
245 _aमाझा लेखसंग्रह
260 _c1985
300 _a48
600 _aनायक वामन
630 _aमाझा लेखसंग्रह
700 _aनायक वामन
730 _aमाझा लेखसंग्रह
942 _cBOOK
999 _c287079
_d287079